000 00377nam a2200181Ia 4500
008 210210b1869 xxu||||| |||| 00| 0 eng d
041 _aeng
082 _a444/334
100 _aDAUDET
245 _aLettres de mon moulin
260 _aParis
_b-
_c1869
650 _amoulin
650 _amon
650 _aLettres
650 _ade
690 _aFrench
906 _a006529
999 _c129518
_d129518